000 01896mam a2200397 a 4500
001 2402430
003 ARRUPE
005 20141114125958.0
008 990617s2000 nyua b 001 0beng
010 _a 99033825
020 _a0321043731 (pbk.)
035 _a(OCoLC)ocm41619408
035 _a(NNC)2402430
040 _aDLC
_cDLC
_dC#P
_dOrLoB-B
043 _an-us---
050 0 0 _aHD9520.C3
_bL58 2000
082 0 0 _a338.7/672/092
_aB
_221
100 1 _aLivesay, Harold C.
_912668
245 1 0 _aAndrew Carnegie and the rise of big business /
_cHarold C. Livesay ; edited by Oscar Handlin.
260 _aBoston:
_bLittle, Brown and Company,
_c1975.
300 _axi, 228 p. :
_bill. ;
_c20 cm.
490 1 _aLibrary of American biography
504 _aIncludes bibliographical references (p. 215-219) and index.
505 0 0 _gI.
_tFlying Scots: In Search of a Dream --
_gII.
_tThe Climb Begins --
_gIII.
_tThe Apprentice Manager --
_gIV.
_tThe Apprentice Financier --
_gV.
_tThe Master Moneyman: A Fortune in Paper --
_gVI.
_tThe Master Builder: A Foundation of Iron --
_gVII.
_tThe Master Builder: A Structure of Steel --
_gVIII.
_tThe Master Manager: Costs, Chemistry, and Coke --
_gIX.
_tTriumph and Tragedy --
_gX.
_tCarnegie Challenges the World --
_gXI.
_tThe Climb Ends.
600 1 0 _aCarnegie, Andrew,
_d1835-1919.
_912669
650 0 _aIndustrialists
_zUnited States
_vBiography.
_912670
650 0 _aMillionaires
_zUnited States
_vBiography.
_912671
650 0 _aPhilanthropists
_zUnited States
_vBiography.
_912672
650 0 _aSteel industry and trade
_zUnited States
_xHistory.
_912673
650 0 _aIron industry and trade
_zUnited States
_xHistory.
_912674
650 0 _aBig business
_zUnited States
_xHistory.
_912675
700 1 _aHandlin, Oscar,
_d1915-2011.
_912676
830 0 _aLibrary of American biography (New York, N.Y.)
_912677
900 _bTOC
942 _2lcc
_cMONOGRAPH
999 _c121251
_d121251